LDR 00988naa#a2200169#i#450# 001 EN\\bibl\105768 005 20260416234305.4 011 ## _a2949-0979 100 ## _a20260330b2026####ek#y0engy0150####ca 102 ## _aRU 200 1# _aInteraction between an investigator and bodies of inquiry while investigating cases on evasion of military duties through simulation of a disease or other means _eJournal article 210 1# _aUfa _cUfa Law Institute of the Ministry of Internal Affairs of Russia _d2026 215 ## _a7 с. 608 ## _aJournal article _2local 675 ## _aСледственные действия. Осмотр места преступления, следственный эксперимент. Домашний обыск. Очная ставка. 343.132 _aУклонение от военной службы. Дезертирство. Отговорка соображениями совести. 343.343.5 _z 700 #1 _aMozgovoy _gYaroslav Sergeevich 856 4# _aobshtestvo-uyi.editorum.ru _u